বাংলা মঙ্গলকাব্যের ইতিহাস / (Record no. 38685)
[ view plain ]
| 000 -LEADER | |
|---|---|
| fixed length control field | 01024nam a22002417a 4500 |
| 001 - CONTROL NUMBER | |
| control field | 38685 |
| 003 - CONTROL NUMBER IDENTIFIER | |
| rucl marc code | BD-RjUL |
| 005 - DATE AND TIME OF LATEST TRANSACTION | |
| control field | 20211209052836.0 |
| 008 - FIXED-LENGTH DATA ELEMENTS--GENERAL INFORMATION | |
| fixed length control field | 160203s1998 ii ||||| |||| 00| 0 ben d |
| 035 ## - SYSTEM CONTROL NUMBER | |
| System control number | (BD-RjUL)38794 |
| 040 ## - CATALOGING SOURCE | |
| Original cataloging agency | BD-RjUL |
| Language of cataloging | eng |
| Transcribing agency | BD-RjUL |
| 041 ## - LANGUAGE CODE | |
| Language code of text/sound track or separate title | ben |
| 082 ## - DEWEY DECIMAL CLASSIFICATION NUMBER | |
| Edition number | 23 |
| Classification number | 891.44109 |
| Author mark and year | BHB 1998 |
| 100 ## - MAIN ENTRY--PERSONAL NAME | |
| Personal name | ভট্রাচার্য, আশুতোষ |
| 9 (RLIN) | 117493 |
| 245 ## - TITLE STATEMENT | |
| Title | বাংলা মঙ্গলকাব্যের ইতিহাস / |
| Statement of responsibility, etc. | আশুতোষ ভট্রাচার্য |
| 250 ## - EDITION STATEMENT | |
| Edition statement | ৮ম পরিবর্ধিত সং. |
| 260 ## - PUBLICATION, DISTRIBUTION, ETC. (IMPRINT) | |
| Place of publication, distribution, etc. | কলিকাতা : |
| Name of publisher, distributor, etc. | এ মুখার্জী অ্যান্ড কোং. , |
| Date of publication, distribution, etc. | ১৯৯৮ |
| 300 ## - PHYSICAL DESCRIPTION | |
| Pagination | ১০২৩ পৃ. ; |
| Size | ২২ সেমি. |
| 650 ## - SUBJECT ADDED ENTRY--TOPICAL TERM | |
| Topical term or geographic name as entry element | বাংলা কবিতা |
| General subdivision | ইতিহাস ও সমালোচনা |
| 9 (RLIN) | 117976 |
| Topical term or geographic name as entry element | Bengali poetry |
| General subdivision | History and criticism. |
| 9 (RLIN) | 119312 |
| Topical term or geographic name as entry element | Folk songs, Bengali |
| General subdivision | History and criticism. |
| 9 (RLIN) | 117495 |
| 942 ## - ADDED ENTRY ELEMENTS (KOHA) | |
| Source of classification or shelving scheme | Dewey Decimal Classification |
| Koha item type | Books |
| Lost status | Source of classification or shelving scheme | Damaged status | Not for loan | Collection code | Permanent Location | Current Location | Shelving location | Date acquired | Source of acquisition | Total Checkouts | Full call number | Date last seen | Date checked out | Copy number | Koha item type | Cost, normal purchase price |
|---|---|---|---|---|---|---|---|---|---|---|---|---|---|---|---|---|
| Dewey Decimal Classification | Non-fiction | Central Library, University of Rajshahi | Central Library, University of Rajshahi | 23/07/2005 | Gift | 4 | B 891.44109 BHB 1998 | 14/05/2018 | 07/05/2018 | C-2 | Books | |||||
| Dewey Decimal Classification | Non-fiction | Central Library, University of Rajshahi | Central Library, University of Rajshahi | 13/01/2001 | Islamia Library, Rajshahi | 1 | B 891.44109 BHB 1998 | 08/07/2018 | 09/04/2017 | C-3 | Books | 420.00 | ||||
| Dewey Decimal Classification | Not For Loan | Non-fiction | Central Library, University of Rajshahi | Central Library, University of Rajshahi | Reading Room | 13/01/2001 | Islamia library, Raj. | B 891.44109 BHB 1998 | 14/02/2017 | C-1 | Books | 420.00 |